Statistics for Overwatch Character Quiz

Click here to take the quiz!

General Stats

  • This quiz has been taken 22 times
  • The average score is 23 of 30

Answer Stats

HintAnswer% Correct
SymmetrySymmetra
100%
GamerD.Va
95%
Bird FriendBastion
90%
Large ShieldReinhardt
90%
Nano BoostAna
85%
BobAshe
85%
Dragon BecomesGenji
85%
FrozenMei
85%
AngelMercy
85%
Four LeggedOrisa
85%
JetpackPharah
85%
DeathReaper
85%
HogRoadhog
85%
HackerSombra
85%
MoltenTorbjörn
85%
MonkeyWinston
85%
RussianZarya
85%
PunchDoomfist
80%
Dragon CosumesHanzo
80%
BOOM!!!Junkrat
80%
LesbianTracer
80%
FrenchWidowmaker
80%
Small ShieldBrigitte
70%
Wild WestMcCree
70%
Black HolesSigma
70%
Scar on foreheadSoldier: 76
65%
InvincibilityBaptiste
55%
Naruto RunMoira
55%
"The is chaos within you"Zenyatta
50%
Construction EquipmentWrecking Ball
30%

Score Distribution

Percentile by Number Answered

Percent of People with Each Score

Your Score History

You have not taken this quiz